Normal view
MARC view
Entry Personal Name
001 - CONTROL NUMBER
- control field: 85975
003 - CONTROL NUMBER IDENTIFIER
- control field: dpl
005 - DATE AND TIME OF LATEST TRANSACTION
- control field: 20251209172614.0
008 - FIXED-LENGTH DATA ELEMENTS
- fixed length control field: 251209|| aca||aabn | a|a d
040 ## - CATALOGING SOURCE
- Original cataloging agency: dpl
- Transcribing agency: dpl
100 ## - HEADING--PERSONAL NAME
- Personal name: पिल्लई, राधाकृष्णन
670 ## - SOURCE DATA FOUND
- Source citation: Work cat.: (dpl)210217: पिल्लई, राधाकृष्णन, चाणक्य नीतिः, 2023
